000 01747nam0a2200409 4500
001 RU\NLR\bibl\1440930
005 20260408203042.0
010 _a978-5-902104-29-2
_bв пер.
_95000
021 _aRU
_b2009-77906
_94876
035 _a(nilc)RSL-KNO-004388972
035 _a(NLR Aleph) 001432788
090 _a1413307
_c1413307
100 _a20090930d2009 |||y0rusy50 ca
101 0 _arus
102 _aRU
105 _aa zzzz|||||
200 1 _aБабья доля
_eвнутренние войска МВД России
_fИгорь Софронов, Николай Петелин
210 _aМосква
_cВитязь-Братишка
_d2009
_eМ.
_gАвгуст Борг
215 _a255 с.
_cил., цв. ил., портр.
_d24
300 _aАвт. указаны на обл.
601 0 1 _aРоссийская Федерация
_bВнутренние войска
_xУчастие в Чеченском конфликте
_z1994 - 2009
_3RU\NLR\auth\661524623
_92578843
606 1 _aЖенщины-военнослужащие
_yРоссийская Федерация
_92306146
_3RU\NLR\auth\661380417
686 _aЦ35(2)73(2Р-6Че)-68-243.8д.я43
_2rubbk
686 _aТ3(2Р)64-569Чечня.я43
_2rubbk
686 _aТ3(2Р-6Че)64я43
_2rubbk
686 _aШ5(2=Р)75-646.3я43
_2rubbk
686 _aЦ68,6(2Р)2-5
686 _aЦ4,6(2Р)243.9(2Р-6Че)
686 _aЦ4,6(2Р)243.8
700 1 _aСофронов
_bИ. Е.
_gИгорь Евгеньевич
_4070
701 1 _aПетелин
_bН. Н.
_gНиколай Николаевич
_4070
801 0 _aRU
_bРКП
_c20090930
_grcr
801 1 _aRU
_bРГБ
_c20090930
801 2 _aRU
_bNLR
_c20091119
_grcr
942 _cBOOK
980 _aNB